[Event "Bayern-chI Bank Hofmann 20th"]
[Site "Bad Wiessee"]
[Date "2016.10.31"]
[Round "3"]
[White "Braun, Christian"]
[Black "Gupta, Abhijeet"]
[Result "0-1"]
[WhiteElo "2243"]
[BlackElo "2626"]
[PlyCount "64"]
[EventDate "2016.10.29"]
[EventType "swiss"]
[EventRounds "9"]
[EventCountry "GER"]
[SourceTitle "CBM 175 Extra"]
[Source "ChessBase"]
[SourceDate "2016.12.12"]
[SourceVersion "1"]
[SourceVersionDate "2016.12.12"]
[SourceQuality "1"]

1. d4 Nf6 2. c4 g6 3. Nc3 d5 4. cxd5 Nxd5 5. e4 Nxc3 6. bxc3 Bg7 7. Nf3 c5 8. Be3 Qa5 9. Qd2 0-0 10. Rc1 Rd8 11. Be2 Nc6 12. d5 e6 13. Bg5 f6 14. Be3 exd5 15. exd5 b6 16. 0-0 Ne7 17. c4 Qxd2 18. Bxd2 Bd7 19. Rfe1 Re8 20. h3 h5 21. Bd3 Kf7 22. Be4 Nf5 23. Bf4 g5 24. Bc7 g4 25. hxg4 hxg4 26. Nd2 Bh6 27. Rcd1 g3 28. Nf3 Ne3 29. fxe3 Rxe4 30. Bxg3 Bxe3+ 31. Bf2 Bxf2+ 32. Kxf2 Rxc4 0-1